La influencia del derecho internacional en el derecho mexicano : la apertura del modelo del desarrollo de México /

Guardado en:
Bibliografiske detaljer
Hovedforfatter: Malpica de Lamadrid, Luis (autor)
Andre forfattere: Góngora Pimentel, Genaro David (prólogo) (prólogo)
Format: Bog
Sprog:spansk
Udgivet: México : Noriega, 2002, c2002
Serier:(Reflexión y Análisis)
Fag:
Tags: Tilføj Tag
Ingen Tags, Vær først til at tagge denne postø!

MARC

LEADER 00000nam^a2200000^a^4500
001 000153425
005 20250521000000.0
009 20260310100319.303
020 |a 968-18-6176-0 
037 |a Acervo ITESO - Biblioteca 
041 |a ESP 
082 |a 349. 72  |b MAL 
100 |a Malpica de Lamadrid, Luis  |e (autor) 
245 1 3 |a La influencia del derecho internacional en el derecho mexicano :  |b la apertura del modelo del desarrollo de México /  |c L. Malpica de Lamadrid ; pról. de G.D. Góngora Pimentel. 
264 4 |a México :  |b Noriega,  |c 2002, c2002 
300 |a 679 p. 
336 |a texto  |b txt  |2 rdacontenido 
337 |a sin mediación  |b n  |2 rdamedio 
338 |a volumen  |b nc  |2 rdasoporte 
440 1 |a (Reflexión y Análisis) 
649 |a XX 
650 |a Apertura Comercial e Integración Económica -  |z México -  |x Aspectos Jurídicos 
650 |a Economía -  |z México -  |x Aspectos Jurídicos 
650 |a Derecho Constitucional -  |z México 
650 |a Derecho Electoral -  |z México 
650 |a Derecho Aéreo -  |z México 
650 |a Derecho Fiscal -  |z México 
650 |a Derecho Marítimo -  |z México 
650 |a Derecho Penal -  |z México 
650 |a Derecho Laboral -  |z México 
650 |a Derecho de Autor -  |z México 
650 |a Derecho Administrativo -  |z México 
650 |a Derecho Ambiental -  |z México 
650 |a Derecho a la Salud -  |z México 
650 |a Derecho Público -  |z México 
650 |a Derecho Privado -  |z México 
650 |a Derecho -  |z México -  |x Tema Principal 
650 |a Derecho Internacional -  |x Tema Principal 
700 |a Góngora Pimentel, Genaro David  |e (prólogo) 
910 |a Fondo General 
920 |a Impresos - Libros 
930 |a Colección General 
905 |a 101 
901 |a 0500082038  |b IT1  |c ACC  |u 20250521 
902 |a https://opac.biblio.iteso.mx/vufind/Record/000153425